000 00645nam a2200217 a 4500
999 _c4073
_d4073
001 4073
003 BD-JhCC
005 20171122190233.0
008 171122s1963 bg a|||| ||a| 000 0 ben d
035 _a(BD-JhCC) 4073
040 _aBD-JhCC
_dBD-JhCC
041 _aben
082 _a891.4435
_bRAH 1963
100 _aরাহমান, হাবিবুর
245 _aবনে-বাদাড়ে /
_c হাবিবুর রাহমান
260 _aঢাকা :
_bসাইনিং বুক এজেন্সী ,
_c1963
300 _a66 p .:
_c21 cm .
650 _aBengali stories
942 _2ddc
_cBK